Rahsia lembaga putih

Bibliographic Details
Main Author: Hazudin Zabadi
Format: Book
Published: Kuala Lumpur : Penerbitan Hartamas , 2002
Series:Siri ekspedisi remaja
Subjects:

MARC

LEADER 00000cam a2200000 7i4500
001 0000054940
005 20220105105355.0
008 151112
020 |a 9830341755 
090 0 0 |a AD   |b MAL 
100 1 |a Hazudin Zabadi 
245 1 0 |a Rahsia lembaga putih   |c Hazudin Zabadi 
260 |a Kuala Lumpur :   |b Penerbitan Hartamas ,   |c 2002 
300 |a 88pg. :   |b ill. 
490 1 |a Siri ekspedisi remaja 
500 |a Children ages 7-9 years old (orange) 
650 0 |a Children's story, Malay 
999 |a 0000920037   |b Book   |c Children Collection   |e Cawangan Bukit Gambir 
999 |a 0000920038   |b Book   |c Children Collection   |e Cawangan Bukit Gambir 
999 |a 0000920039   |b Book   |c Children Collection   |e Cawangan Bukit Gambir